000 00219 a2200097 4500
000 nam a22 7a 4500
005 20260302115054.0
100 _aMacInnes, Martin
_91120613
245 _aIn Ascension
942 _cTEXL
999 _c1684857
_d1684857